Sicily: whose victory? (Record no. 551814)
[ view plain ]
| 000 -LEADER | |
|---|---|
| fixed length control field | 00566cam a2200157 4500 |
| 082 00 - DEWEY DECIMAL CLASSIFICATION NUMBER | |
| Classification number | 940.54 |
| Author Mark | BLU |
| -- | L-30, P-126 |
| 100 1# - MAIN ENTRY--PERSONAL NAME | |
| Personal name | Blumenson, Martin. |
| 9 (RLIN) | 48973 |
| 245 10 - TITLE STATEMENT | |
| Title | Sicily: whose victory? |
| Statement of responsibility, etc. | [By] Martin Blumenson. |
| 260 ## - PUBLICATION, DISTRIBUTION, ETC. | |
| Place of publication, distribution, etc. | [New York, |
| Name of publisher, distributor, etc. | Ballantine Books, |
| Date of publication, distribution, etc. | 1969, c1968] |
| 300 ## - PHYSICAL DESCRIPTION | |
| Extent | 160 p. |
| Other physical details | illus., plans, ports. |
| Dimensions | 21 cm. |
| 490 0# - SERIES STATEMENT | |
| Series statement | Ballantine's illustrated history of World War II. Campaign book |
| 526 ## - STUDY PROGRAM INFORMATION NOTE | |
| Program name | 0 |
| Interest level | 0 |
| Reading level | 0 |
| Title point value | 940_540000000000000_BLU |
| 650 #0 - SUBJECT ADDED ENTRY--TOPICAL TERM | |
| Topical term or geographic name entry element | MCE |
| 9 (RLIN) | 379 |
| 650 #0 - SUBJECT ADDED ENTRY--TOPICAL TERM | |
| Topical term or geographic name entry element | World War, 1939-1945 |
| General subdivision | Campaigns |
| Geographic subdivision | Italy |
| -- | Sicily. |
| 9 (RLIN) | 48974 |
| 942 ## - ADDED ENTRY ELEMENTS (KOHA) | |
| Source of classification or shelving scheme | |
| Koha item type | Book |
| Withdrawn status | Lost status | Source of classification or shelving scheme | Damaged status | Not for loan | Permanent Location | Current Location | Date acquired | Total Checkouts | Full call number | Barcode | Date last seen | Price effective from | Koha item type |
|---|---|---|---|---|---|---|---|---|---|---|---|---|---|
| Military College of Engineering (MCE) | Military College of Engineering (MCE) | 12/29/2014 | 940.54 BLU | MCE-3935 | 12/29/2014 | 12/29/2014 | Book |
